Polscy premierzy - nagła śmierć - Statystyki

Ogólne statystyki
  • Ten quiz został rozwiązany 132 razy
  • Średni wynik to 10 z 16
Answers on the Grid
Answers color-coded by a green-red scale on the quiz's grid according to % correct below.
Józef Oleksy
Tadeusz Mazowiecki
Leszek Balcerowicz
Jacek Kuroń
Jerzy Buzek
Waldemar Pawlak
Aleksander Kwaśniewski
Hanna Suchocka
Antoni Macierewicz
Marek Sawicki
Włodzimierz Cimoszewicz
Mieczysław Michałowicz
Jan Olszewski
Jan Krzysztof Bielecki
Dariusz Rosati
Mateusz Morawiecki
Bronisław Geremek
Jarosław Kaczyński
Marek Belka
Jarosław Kalinowski
Zbigniew Ziobro
Beata Szydło
Wojciech Olejniczak
Kazimierz Marcinkiewicz
Donald Tusk
Ryszard Kalisz
Andrzej Lepper
Jerzy Kamiński
Ewa Kopacz
Radosław Sikorski
Włodzimierz Czarzasty
Leszek Miller
 
Statystyki odpowiedzi
Odpowiedź % Poprawnych
Tadeusz Mazowiecki
81%
Józef Oleksy
80%
Donald Tusk
76%
Mateusz Morawiecki
73%
Beata Szydło
72%
Ewa Kopacz
72%
Leszek Miller
69%
Jerzy Buzek
67%
Jarosław Kaczyński
64%
Waldemar Pawlak
64%
Jan Olszewski
59%
Hanna Suchocka
58%
Marek Belka
55%
Kazimierz Marcinkiewicz
53%
Włodzimierz Cimoszewicz
53%
Jan Krzysztof Bielecki
52%
Nie znaleziono quizów pasujących do podanych kryteriów
Rozkład punktacji
Procent ludzi z każdym wynikiem
Percentyl według liczby udzielonych odpowiedzi
Twoja historia wyników
Nie rozwiązałeś tego quizu